| 000 | 01339nam a22002057a 4500 | ||
|---|---|---|---|
| 003 | BD-DhUL | ||
| 005 | 20170226084323.0 | ||
| 008 | 170226s2014 bg ||||| |m|| 00| 0 ben d | ||
| 040 |
_aBD-DhUL _cBD-DhUL |
||
| 082 |
_a808.8038297 _bRAB |
||
| 100 | 1 | _aনূর-উন-নেসা | |
| 245 | 1 | 0 |
_aপানাম সোনারগায়েঁর ঔপনিবেশিক স্থাপত্যের গাত্রালংকার = Ornamentation of Panam Sonargaon architecture in the colonial period / _cনূর-উন-নেসা _h[অভিসন্দর্ভ পিএইচডি] |
| 260 |
_aঢাকা : _bঢাকা বিশ্ববিদ্যালয়, _c২০১৪। |
||
| 300 |
_axvii, ১৭৭ পৃ. : _bচিত্র (আংশিক রঙীন) ; _c৩০ সেমি. |
||
| 500 | _aঅভিসন্দর্ভ (পিএইচডি)-- ইসলামের ইতিহাস ও সাংস্কৃতিক বিভাগ, ঢাকা বিশ্ববিদ্যালয়, ২০১১-২০১২। | ||
| 504 | _aগ্রন্হপঞ্জি : পৃ. ১৭৪-১৭৫, তথ্য নির্দেশিকা সংবলিত। | ||
| 650 | 4 | _aস্হাপত্য শিল্প। | |
| 650 | 4 |
_aShapatya industry. _y |
|
| 942 |
_2ddc _cREF |
||
| 999 |
_c157916 _d157916 |
||